Fr. Conceicao Rodrigues College of Engineering

Most Popular Websites (Record no. 19102)

MARC details
000 -LEADER
fixed length control field 00295nam a2200157Ia 4500
082 ## - DEWEY DECIMAL CLASSIFICATION NUMBER
Classification number 4.65
100 ## - MAIN ENTRY--PERSONAL NAME
Personal name None
250 ## - EDITION STATEMENT
Edition statement 2
245 ## - TITLE STATEMENT
Title Most Popular Websites
260 ## - PUBLICATION, DISTRIBUTION, ETC.
Name of publisher, distributor, etc. Techmedia
Date of publication, distribution, etc. 1997
300 ## - PHYSICAL DESCRIPTION
Extent 1071
546 ## - LANGUAGE NOTE
Language note ENGLISH
654 ## - SUBJECT ADDED ENTRY--FACETED TOPICAL TERMS
Focus term Computer
942 ## - ADDED ENTRY ELEMENTS (KOHA)
Koha item type BOOK
Holdings
Withdrawn status Lost status Damaged status Not for loan Collection Home library Current library Date acquired Total Checkouts Full call number Barcode Date last seen Price effective from Koha item type
        CRC Fr. Agnel's C.Rodrigues College of Engineering AGNEL TECHNICAL COLLEGE LIBRARY 17/03/2023   4.65 10721 14/01/2025 17/03/2023 BOOK
        CRC Fr. Agnel's C.Rodrigues College of Engineering Fr. Agnel's C.Rodrigues College of Engineering 17/03/2023   4.65 10720 17/03/2023 17/03/2023 BOOK